Statistics for Owen Wilson Movies

Click here to take the quiz!

General Stats

  • This quiz has been taken 413 times
  • The average score is 8 of 38

Answer Stats

Answer % Correct
Wedding Crashers
76%
Zoolander
53%
Marley and Me
50%
Night at the Museum
47%
Meet The Parents
44%
You, Me and Dupree
44%
Meet The Focker
40%
The Internship
34%
Bottle Rocket
30%
Cars
30%
Drillbit Taylor
28%
Behind Enemy Lines
27%
Shanghai Knights
24%
Midnight in Paris
24%
The Royal Tenenbaums
23%
The Darjeeling Limited
17%
Hall Pass
16%
Starsky & Hutch
16%
Armageddon
15%
The Life Aquatic with Steve Zissou
15%
Anaconda
12%
The Grand Budapest Hotel
11%
I Spy
10%
The Haunting
9%
Marmaduke
9%
Night at the Museum: Battle of the Smithsonian
8%
The Big Bounce
7%
The Minus Man
7%
The Cable Guy
7%
Around the World in 80 Days
6%
Fantastic Mr. Fox
6%
The Big Yea
5%
How Do You Know
4%
Free Birds
4%
Breakfast of Champions
3%
Permanent Midnight
3%
The Wendell Baker Story
2%
You Are Here
0%

Score Distribution

Percentile by Number Answered

Percent of People with Each Score

Your Score History

You have not taken this quiz